000 00363cam a2200157ua 4500
041 _aeng
_h
082 _a823.308
_bJOY/DU
100 _aJoyce, James .
245 _aDubliners /
_cJames Joyce.
_hTextual Documents
250 _a1 /
_b.
260 _aLondon :
_bJonathan Cape ,
_c1967.
300 _a261 ; .
504 _a
942 _cBK
999 _c7873
_d7873